|
|
|
|
| LEADER |
01796nam a2200421 i 4500 |
| 001 |
EBC5051084 |
| 003 |
MiAaPQ |
| 005 |
20200520144314.0 |
| 006 |
m o d | |
| 007 |
cr cnu|||||||| |
| 008 |
171028t20172017it ob 001 0 ita d |
| 020 |
|
|
|z 9788892108660
|
| 020 |
|
|
|a 9788892166776
|q (electronic bk.)
|
| 035 |
|
|
|a (MiAaPQ)EBC5051084
|
| 035 |
|
|
|a (Au-PeEL)EBL5051084
|
| 035 |
|
|
|a (CaPaEBR)ebr11445032
|
| 035 |
|
|
|a (OCoLC)1004999280
|
| 040 |
|
|
|a MiAaPQ
|b eng
|e rda
|e pn
|c MiAaPQ
|d MiAaPQ
|
| 043 |
|
|
|a e-it---
|
| 050 |
|
4 |
|a HC305
|b .B663 2017
|
| 082 |
0 |
|
|a 338.945
|2 23
|
| 100 |
1 |
|
|a Bonasia, Mariangela,
|e author.
|
| 245 |
1 |
0 |
|a Intervento pubblico nell'economia :
|b potere di mercato e protezione sociale. /
|c Mariangela Bonasia, Marcella D'Uva.
|
| 264 |
|
1 |
|a Torino, [Italy] :
|b G. Giappichelli Editore,
|c 2017.
|
| 264 |
|
4 |
|c 2017
|
| 300 |
|
|
|a 1 online resource (105 pages)
|
| 336 |
|
|
|a text
|2 rdacontent
|
| 337 |
|
|
|a computer
|2 rdamedia
|
| 338 |
|
|
|a online resource
|2 rdacarrier
|
| 504 |
|
|
|a Includes bibliographical references and index.
|
| 588 |
|
|
|a Description based on online resource; title from PDF title page (ebrary, viewed October 25, 2017).
|
| 590 |
|
|
|a Electronic reproduction. Ann Arbor, MI : ProQuest, 2016. Available via World Wide Web. Access may be limited to ProQuest affiliated libraries.
|
| 651 |
|
0 |
|a Italy
|x Economic policy.
|
| 655 |
|
4 |
|a Electronic books.
|
| 700 |
1 |
|
|a D'Uva, Marcella,
|e author.
|
| 776 |
0 |
8 |
|i Print version:
|a Bonasia, Mariangela.
|t Intervento pubblico nell'economia : potere di mercato e protezione sociale.
|d Torino, [Italy] : G. Giappichelli Editore, c2017
|h viii, 95 pages
|z 9788892108660
|
| 797 |
2 |
|
|a ProQuest (Firm)
|
| 856 |
4 |
0 |
|u https://ebookcentral.proquest.com/lib/matrademy/detail.action?docID=5051084
|z Click to View
|